书目信息 |
| 题名: |
伪满洲国
|
|
| 作者: | 迟子建, , 迟子建 著 | |
| 分册: | 上 | |
| 出版信息: | 北京 人民文学出版社 2004.05 |
|
| 页数: | 401页 | |
| 开本: | 21cm | |
| 丛书名: | 中国当代名家长篇小说代表作 | |
| 单 册: | ||
| 中图分类: | I247.57 | |
| 科图分类: | ||
| 主题词: | 长篇小说--中国--当代 | |
| 电子资源: | ||
| ISBN: | 7-02-004561-8 | |
| 000 | 00837nam 2200265 450 | |
| 001 | 010252788764 | |
| 005 | 20050923100547.21 | |
| 010 | @a7-02-004561-8@dCNY20.00 | |
| 100 | @a20050604d2004 km y0chiy0120 ea | |
| 101 | 0 | @achi |
| 102 | @aCN@b110000 | |
| 105 | @ay z 000ay | |
| 200 | 1 | @a伪满洲国@Awei man zhou guo@h上@f迟子建著@Fchi zi jian zhu |
| 210 | @a北京@c人民文学出版社@d2004.05 | |
| 215 | @a401页@d21cm | |
| 225 | 2 | @a中国当代名家长篇小说代表作 |
| 314 | @a迟子建,1964年生于黑龙江漠河,专业作家。 | |
| 330 | @a本书为长篇小说,反映伪满洲时期东北人民的生活。 | |
| 410 | 0 | @12001 @a中国当代名家长篇小说代表作 |
| 606 | 0 | @a长篇小说@y中国@z当代 |
| 690 | @aI247.57@v4 | |
| 701 | 0 | @a迟子建,@Achi zi jian,@f1964-@4著 |
| 701 | 0 | @a迟子建@Achi zi jian@4著 |
| 801 | 0 | @aCN@bRULIN@c20050923 |
| 905 | @a10447@dI247.57@eC812:1 | |
| 伪满洲国.上/迟子建著.-北京:人民文学出版社,2004.05 |
| 401页;21cm.-(中国当代名家长篇小说代表作) |
| ISBN 7-02-004561-8:CNY20.00 |
| 本书为长篇小说,反映伪满洲时期东北人民的生活。 |
| ● |
| 相关链接 |
|
|
|
正题名:伪满洲国
索取号:I247.57/C812:1
 
预约/预借
| 序号 | 登录号 | 条形码 | 馆藏地/架位号 | 状态 | 备注 |
| 1 | 527443 | 205274433 | 社科二线422/400B社科库 24排1列1层/ [索取号:I247.57/C812:1] | 在馆 | |
| 2 | 527444 | 205274442 | 社科二线422/422社科库 25排4列5层/ [索取号:I247.57/C812:1] | 在馆 | |
| 3 | 527445 | 205274451 | 社科二线400B/108文学库 48排7列4层/ [索取号:I247.57/C812:1] | 在馆 |